Países más poblados que no han jugado un mundial - Estadísticas

Estadísticas generales
  • Esta prueba ha sido intentada 43 veces
  • La puntuación promedio es 6 de 10
Estadísticas de respuestas
Población País % Correcto
1,417,492,000 India
100%
256,204,000 Pakistán
76%
102,301,000 Vietnam
74%
66,935,000 Tailandia
71%
177,567,000 Bangladesh
66%
111,705,000 Etiopía
63%
113,692,000 Filipinas
58%
53,331,000 Kenia
50%
68,153,000 Tanzania
45%
51,662,000 Sudán
39%
No se encontraron pruebas coincidentes
Distribución de puntuación
Porcentaje de gente con cada puntuación
Porcentaje por número respondido
Historial de tus puntuaciones
No has intentado esta prueba.